00000000nam 2200000zi 4500
0019.927373
003CaOODSP
00520241203113656
006m     o  d f      
007cr |n|||||||||
008230915s2009    quca    o    f000 0 eng d
040 |aCaOODSP|beng|erda|cCaOODSP
043 |an-cn-qu
0861 |aCW66-1245/2009E-PDF
24500|aBird list : |bCap Tourmente National Wildlife Area.
264 1|aSaint-Joachim (Québec) : |bEnvironnement Canada = Environment Canada, |c[2009]
300 |a1 online resource (2 unnumbered pages) : |billustrations
336 |atext|btxt|2rdacontent
337 |acomputer|bc|2rdamedia
338 |aonline resource|bcr|2rdacarrier
500 |aDigitized edition from print [produced by Environment and Climate Change Canada].
500 |aIssued also in French under title: Liste des oiseaux : Réserve nationale de faune du cap Tourmente.
650 0|aBirds|zQuébec (Province)
650 0|aWildlife refuges|zQuébec (Province)
7101 |aCanada. |bEnvironment Canada, |eissuing body.
77508|tListe de oiseaux : |w(CaOODSP)9.939743
85640|qPDF|s534 KB|uhttps://publications.gc.ca/collections/collection_2024/eccc/cw66/CW66-1245-2009-eng.pdf